00834nam a2200253 a 4500001001300000003000900013005001700022008004100039020001100080082001800091100002000109245007900129260004400208300000900252500003500261505004200296650003400338650002300372700002000395902000800415942000700423952013300430999001700563nice12345678IN_TiNIC20260116013801.0050524s2001 newa grp 000 0 eng  ac114500a297.1977bKAR aKarpat, Kemal H aPoliticization of Islamb Reconstructing Identity, State, Faith & Communit aNew YorkbOxford University Pressc2001 a533p aincludes index and biblioraphy2 aNotes, Selected Biliography and Index aTurkey-History-Ottoman Empire aIslam and Politics1 aKarpat, Kemal H bSRS cBK 001040708StackRoom-aHMIbHMId2009-11-16g1145.00l1o297.1977 KARp019963r2016-11-25s2016-11-23v1145.00w2005-05-24yBK c12481d12481